History Quiz

Random History Quiz

History of Medicine Quiz Stats

 Plays Quiz not verified by Sporcle

Score 0/16 Timer 04:00
0 Plays Today
Clue Person/Place/Idea % Correct
Key Figure That Made Hippocratic OathHippocrates
83.6%
One of the four humoursBlood
83.2%
One of the four humoursYellow Bile
80.3%
One of the four humoursBlack Bile
79.5%
One of the four humoursPhlegm
61.1%
Created 'The Theory of Opposites'Galen
60.5%
Studied Circulatory System in DetailWilliam Harvey
58.6%
Preserving Body After DeathMummification
48.4%
Clue Person/Place/Idea % Correct
Devised the Idea of Ligatures and Ended CauterisationPare
39.5%
Disproved Galen's IdeasVesailius
39.1%
Theory That Disease Is Caused By An Imbalance of LiquidsTheory of Four Humours
26.7%
Main Belief of Causes of DiseaseSuperstition
24.4%
Main Belief of Causes of DiseaseSuperstition
24.4%
Main Belief of Causes of DiseaseSuperstition
24.4%
Temple of the God of HealingAsclepion
22.2%
Theory Influenced By The River NileTheory of Channels
12%

You're not logged in!

Compare scores with friends on all Sporcle quizzes.
OR
Log In

Show Comments

Extras

Created Nov 10, 2010ReportNominate
Tags:idea, medicine, period, person, place

Top Quizzes Today


Score Distribution

Your Account Isn't Verified!

In order to create a playlist on Sporcle, you need to verify the email address you used during registration. Go to your Sporcle Settings to finish the process.

Report this User

Report this user for behavior that violates our Community Guidelines.

Details: